000 00897cab a2200217 4500
001 ##L135102
008 060925n2006 000 0 eng u
035 _a(Sirsi) u135102
041 0 _aeng
100 1 _aGoldie, Anna
245 0 0 _aNorth east
_bregional
260 _c2006
490 0 _aProperty Week
_v71(38) 22 September 2006, 125-141(9)
520 _aExamines various aspects of the commercial property market in the northeast, including a profile of Richard Vardy of Vardy Property Group; Terrace Hill's office development at Baltic Business Quarter in Gateshead; how the regional spatial strategy is affecting development in the area and investment in shopping centres in northeast England.
590 _aIKA031006
651 4 _aNORTHEAST ENGLAND
651 4 _aGATESHEAD
651 4 _aNEWCASTLE
690 _aPROPERTY-COMMERCIAL PROPERTY-COMMERCIAL PROPERTY MARKET
942 _n0
999 _c77782
_d77782